[Event "Hampshire Individual ch"]
[Site "Eastleigh"]
[Date "2010.11.12"]
[Round "1"]
[White "Butcher, Doug"]
[Black "Kawuma, Moses"]
[Result "1-0"]
[WhiteElo "1936"]
[BlackElo "2160"]
[PlyCount "99"]
[EventDate "2010.11.12"]
[EventType "swiss"]
[EventRounds "6"]
[EventCountry "ENG"]

1. Nf3 Nf6 2. b3 g6 3. Bb2 Bg7 4. e3 O-O 5. c4 c5 6. d4 cxd4 7. Nxd4 Nc6 8. Be2
d5 9. O-O Nxd4 10. Bxd4 dxc4 11. Bxc4 Bd7 12. Nd2 Bc6 13. Be2 Qa5 14. Bf3 Bxf3
15. Nxf3 Rfd8 16. Qe1 Qxe1 17. Rfxe1 Ne4 18. Bxg7 Kxg7 19. Rac1 Rac8 20. g3 Nc3
21. Rc2 b5 22. b4 Nd5 23. Rxc8 Rxc8 24. Nd4 a6 25. a3 Rc3 26. Ra1 e5 27. Ne2
Rb3 28. Nc1 Rc3 29. Ne2 Rc2 30. Kf1 Rb2 31. Rd1 Rxe2 32. Kxe2 Nc3+ 33. Kd2 Nxd1
34. Kxd1 e4 35. Ke2 Kf6 36. f4 exf3+ 37. Kxf3 Ke5 38. h3 Kd5 39. Kf4 f6 40. g4
Kc4 41. e4 h6 42. h4 Kd4 43. h5 gxh5 44. gxh5 Kd3 45. Kf5 Kd4 46. Kxf6 Kxe4 47.
Kg6 Ke5 48. Kxh6 Kf6 49. Kh7 Kf7 50. h6 1-0

[Event "Hampshire Individual ch"]
[Site "Eastleigh"]
[Date "2010.11.12"]
[Round "1"]
[White "Dallas, Peter L"]
[Black "Fowler, David W"]
[Result "0-1"]
[WhiteElo "1808"]
[BlackElo "1968"]
[PlyCount "98"]
[EventDate "2010.11.12"]
[EventType "swiss"]
[EventRounds "6"]
[EventCountry "ENG"]

1. Nf3 d5 2. g3 Bg4 3. Bg2 Nd7 4. d3 Ngf6 5. O-O e5 6. h3 Bh5 7. Nbd2 Bc5 8. c4
c6 9. Qc2 Rc8 10. Re1 O-O 11. a3 a5 12. b3 Qb6 13. Rf1 Rfe8 14. b4 axb4 15.
axb4 Bxb4 16. Nb3 Qc7 17. Be3 d4 18. Bg5 Bc3 19. Ra2 Bxf3 20. Bxf3 Ra8 21. Bxf6
Nxf6 22. Nc5 Rxa2 23. Qxa2 b5 24. cxb5 cxb5 25. Na6 Qa7 26. Bc6 Rb8 27. Rb1 b4
28. Qc4 Rb6 29. Nxb4 Qb8 30. Ba4 Rxb4 31. Rxb4 Qxb4 32. Qc6 Qb8 33. Bb3 h6 34.
Bc4 Qe8 35. Qf3 e4 36. Qf4 e3 37. f3 Qa8 38. h4 Qa1+ 39. Kh2 Qf1 40. Qf5 Qxe2+
41. Kh3 Qf1+ 42. Kh2 Qf2+ 43. Kh3 Be1 44. Qc8+ Kh7 45. Qf5+ g6 46. Qe5 Qxf3 47.
Bd5 Qxg3+ 48. Qxg3 Bxg3 49. Kxg3 Nxd5 0-1

[Event "Hampshire Individual ch"]
[Site "Eastleigh"]
[Date "2010.11.12"]
[Round "1"]
[White "Gill, Oliver"]
[Black "Edney, Richard H"]
[Result "1-0"]
[WhiteElo "2016"]
[BlackElo "1840"]
[PlyCount "123"]
[EventDate "2010.11.12"]
[EventType "swiss"]
[EventRounds "6"]
[EventCountry "ENG"]

1. e4 c5 2. b3 Nc6 3. Bb2 d6 4. Bb5 Bd7 5. Nc3 Nf6 6. f4 a6 7. Bxc6 Bxc6 8. Qe2
e6 9. Nf3 Be7 10. O-O O-O 11. Rae1 b5 12. e5 Nd5 13. Nxd5 Bxd5 14. exd6 Bxd6
15. Ne5 Qh4 16. c4 Bb7 17. f5 exf5 18. Rxf5 Rae8 19. Rh5 Qe7 20. cxb5 axb5 21.
Qxb5 Qc7 22. Qd3 g6 23. Re3 Bxe5 24. Bxe5 Qc6 25. Rg3 f5 26. Bb2 Ba6 27. Qb1
Re4 28. Rhh3 f4 29. Rc3 Rfe8 30. Rc1 Re2 31. Rf3 g5 32. h3 Qe6 33. Bc3 Re1+ 34.
Rxe1 Qxe1+ 35. Qxe1 Rxe1+ 36. Kh2 Re2 37. Kg1 Bb7 38. Rf2 Re1+ 39. Rf1 Re2 40.
Rf2 Re1+ 41. Kh2 Kf7 42. d4 Ra1 43. dxc5 Rc1 44. Bb4 h5 45. Ba3 Rd1 46. Bb2 Kg6
47. Be5 Kf5 48. Bd6 Rd4 49. a4 Bd5 50. a5 Bxb3 51. a6 g4 52. hxg4+ hxg4 53.
Rxf4+ Rxf4 54. Bxf4 Bd5 55. a7 Be4 56. g3 Bf3 57. Kg1 Ke6 58. Kf2 Ke7 59. Ke3
Ba8 60. Kd4 Bf3 61. Ke5 Ba8 62. Kf5 1-0

[Event "Hampshire Individual ch"]
[Site "Eastleigh"]
[Date "2010.11.12"]
[Round "1"]
[White "Kamarunsalehin, Kamis"]
[Black "Cordner, David A"]
[Result "1/2-1/2"]
[WhiteElo "1880"]
[BlackElo "2024"]
[PlyCount "47"]
[EventDate "2010.11.12"]
[EventType "swiss"]
[EventRounds "6"]
[EventCountry "ENG"]

1. d4 Nf6 2. c4 e6 3. Nf3 Bb4+ 4. Bd2 Qe7 5. Nc3 b6 6. g3 Bxc3 7. Bxc3 Ne4 8.
Bg2 Nxc3 9. bxc3 Bb7 10. O-O Be4 11. Qd2 d6 12. Ng5 Bxg2 13. Kxg2 h6 14. Nf3
Nd7 15. e4 e5 16. Nh4 g6 17. Rad1 O-O-O 18. Rfe1 Kb8 19. a4 a5 20. Rb1 Ka7 21.
Kg1 Qe6 22. Qe2 Rde8 23. Qd3 h5 24. Rb2 1/2-1/2

[Event "Hampshire Individual ch"]
[Site "Eastleigh"]
[Date "2010.11.12"]
[Round "1"]
[White "McMaster, Richard G"]
[Black "Kawuma, Steven Male"]
[Result "0-1"]
[WhiteElo "2000"]
[BlackElo "2216"]
[PlyCount "88"]
[EventDate "2010.11.12"]
[EventType "swiss"]
[EventRounds "6"]
[EventCountry "ENG"]

1. d4 Nf6 2. c4 d6 3. Nc3 g6 4. e4 Bg7 5. f3 O-O 6. Be3 Nc6 7. Nge2 a6 8. Qd2
Rb8 9. Nc1 e5 10. Nb3 exd4 11. Nxd4 Bd7 12. Be2 b5 13. cxb5 Nxd4 14. Bxd4 axb5
15. O-O b4 16. Nd5 Nxd5 17. Bxg7 Kxg7 18. Qxd5 Qf6 19. b3 Ra8 20. Qd2 Rfb8 21.
Rac1 Ra7 22. f4 c5 23. Bf3 Rb6 24. Rfe1 Rba6 25. e5 dxe5 26. fxe5 Qb6 27. Qe3
Rxa2 28. e6 Bxe6 29. Qe5+ Kg8 30. Bd5 Bxd5 31. Qxd5 c4+ 32. Kh1 c3 33. Re8+ Kg7
34. Qe5+ f6 35. Re7+ Kf8 36. Re8+ Kf7 37. Qd5+ Kxe8 38. Qg8+ Kd7 39. Re1 Ra1
40. Qf7+ Kc8 41. Qc4+ Qc7 42. Qe6+ Kb8 43. Qe8+ Qc8 44. Qb5+ Rb7 0-1

[Event "Hampshire Individual ch"]
[Site "Eastleigh"]
[Date "2010.11.12"]
[Round "1"]
[White "Pye, David E"]
[Black "Lawson, Maurice E"]
[Result "1-0"]
[WhiteElo "2032"]
[BlackElo "1912"]
[PlyCount "93"]
[EventDate "2010.11.12"]
[EventType "swiss"]
[EventRounds "6"]
[EventCountry "ENG"]

1. e4 c6 2. Nc3 d5 3. f4 dxe4 4. Nxe4 Nd7 5. Nf3 Ngf6 6. Nf2 Nb6 7. g3 h6 8.
Bg2 Qc7 9. O-O Bd7 10. b3 O-O-O 11. Bb2 e6 12. Qe2 Bd6 13. Ne5 Be8 14. d4 Nfd7
15. Ne4 f6 16. Nxd6+ Qxd6 17. Nd3 Bg6 18. Kh1 Rhe8 19. Rad1 Nd5 20. c4 Nc7 21.
Qg4 Bf5 22. Qf3 g5 23. Nc5 g4 24. Ne4 Bxe4 25. Qxe4 f5 26. Qe3 Kb8 27. Qc1 Nf6
28. d5 exd5 29. Be5 Rxe5 30. fxe5 Qxe5 31. Qxh6 d4 32. Qf4 Qxf4 33. Rxf4 c5 34.
Rxf5 Rd6 35. Rxc5 Ne6 36. Rf5 Nd7 37. Rd5 Kc7 38. Rxd6 Kxd6 39. Bd5 Ndf8 40.
Bxb7 Kc5 41. a3 a5 42. Bd5 Kd6 43. b4 axb4 44. axb4 Ke5 45. Re1+ Kf5 46. Kg2
Ng5 47. Rf1+ 1-0

[Event "Hampshire Individual ch"]
[Site "Eastleigh"]
[Date "2010.11.12"]
[Round "1"]
[White "Yeo, Michael J"]
[Black "Payne, Stephen J"]
[Result "1-0"]
[WhiteElo "2160"]
[BlackElo "1976"]
[PlyCount "77"]
[EventDate "2010.11.12"]
[EventType "swiss"]
[EventRounds "6"]
[EventCountry "ENG"]

1. e4 c5 2. Nf3 d6 3. d4 cxd4 4. Nxd4 Nf6 5. Nc3 a6 6. Bg5 e6 7. f4 Qc7 8. Qf3
b5 9. O-O-O Nbd7 10. Bd3 Bb7 11. Rhe1 O-O-O 12. a4 b4 13. Na2 Qb6 14. Nb3 Nc5
15. Nxc5 dxc5 16. b3 Be7 17. f5 h6 18. Be3 Nd7 19. Qe2 Ne5 20. Kb1 exf5 21.
exf5 Nxd3 22. cxd3 Rd5 23. d4 cxd4 24. Qc4+ Rc5 25. Bxd4 Rxc4 26. Bxb6 Re4 27.
Ba5 Re8 28. Nxb4 Bg5 29. Nc2 Kb8 30. Bc3 f6 31. Rd7 Rxe1+ 32. Nxe1 Be4+ 33. Kb2
Bxf5 34. Rxg7 Re2+ 35. Ka3 Bd2 36. Bxd2 Rxd2 37. Re7 a5 38. b4 Bb1 39. bxa5 1-0

[Event "Hampshire Individual ch"]
[Site "Eastleigh"]
[Date "2010.11.13"]
[Round "2"]
[White "Butcher, Doug"]
[Black "Pye, David E"]
[Result "1/2-1/2"]
[WhiteElo "1936"]
[BlackElo "2032"]
[PlyCount "42"]
[EventDate "2010.11.12"]
[EventType "swiss"]
[EventRounds "6"]
[EventCountry "ENG"]

1. Nf3 d5 2. b3 Bg4 3. e3 e5 4. h3 Bxf3 5. Qxf3 c6 6. Bb2 Nd7 7. Qg3 Qb8 8. Be2
Ngf6 9. d3 Bb4+ 10. Nd2 O-O 11. a3 Bd6 12. O-O h6 13. e4 Nc5 14. Qe3 Ne6 15.
Nf3 dxe4 16. dxe4 Bc5 17. Qc1 Nf4 18. Bd3 Bd6 19. Re1 Nxd3 20. cxd3 Re8 21. Qc2
Qc7 1/2-1/2

[Event "Hampshire Individual ch"]
[Site "Eastleigh"]
[Date "2010.11.13"]
[Round "2"]
[White "Cordner, David A"]
[Black "Tunks, Dominic R"]
[Result "0-1"]
[WhiteElo "2024"]
[BlackElo "2128"]
[PlyCount "78"]
[EventDate "2010.11.12"]
[EventType "swiss"]
[EventRounds "6"]
[EventCountry "ENG"]

1. e4 d6 2. d4 Nf6 3. Nc3 c6 4. Be2 b5 5. e5 dxe5 6. dxe5 Qxd1+ 7. Bxd1 Nd5 8.
Nxd5 cxd5 9. Be2 Bd7 10. Nf3 Nc6 11. Be3 e6 12. Bxb5 Nxe5 13. Bxd7+ Nxd7 14. c3
Rb8 15. b4 Rb7 16. a4 Bd6 17. Kd2 O-O 18. Rhb1 Rc8 19. Rb3 e5 20. Rab1 Nf6 21.
Ng1 Rd7 22. Ne2 Ng4 23. h3 Nxe3 24. fxe3 f6 25. a5 Kf7 26. Kd3 Rc4 27. Ra1 Ke6
28. b5 Bc5 29. b6 axb6 30. axb6 Rb7 31. Ra7 Rxa7 32. bxa7 Ra4 33. Rb7 Rxa7 34.
Rxa7 Bxa7 35. e4 dxe4+ 36. Kxe4 f5+ 37. Kf3 g5 38. g4 e4+ 39. Kg2 f4 0-1

[Event "Hampshire Individual ch"]
[Site "Eastleigh"]
[Date "2010.11.13"]
[Round "2"]
[White "Edney, Richard H"]
[Black "McMaster, Richard G"]
[Result "1/2-1/2"]
[WhiteElo "1840"]
[BlackElo "2000"]
[PlyCount "121"]
[EventDate "2010.11.12"]
[EventType "swiss"]
[EventRounds "6"]
[EventCountry "ENG"]

1. d4 f5 2. Bg5 g6 3. e4 fxe4 4. Nc3 d5 5. f3 Bg7 6. fxe4 dxe4 7. Nxe4 Qxd4 8.
Qxd4 Bxd4 9. O-O-O Nc6 10. Nf3 Bf6 11. Bc4 Bxg5+ 12. Nexg5 Nf6 13. Rhe1 h6 14.
Ne6 Bxe6 15. Rxe6 Rd8 16. Rde1 Rd6 17. R6e2 g5 18. Bb5 Rh7 19. Ne5 Kd8 20.
Nxc6+ bxc6 21. Bd3 Rf7 22. Rf1 Rg7 23. a3 Ke8 24. Ref2 Re6 25. Kd2 Rd6 26. Kc1
Nd7 27. Rf5 e5 28. b4 Ke7 29. Bc4 Rf6 30. Kd2 Rh7 31. c3 Rh8 32. Rxf6 Nxf6 33.
Kc2 Rf8 34. Rf5 Nd7 35. Rxf8 Nxf8 36. Kd3 Ng6 37. g3 Kd6 38. Bf7 Ne7 39. c4 Nf5
40. c5+ Ke7 41. Bg6 Kf6 42. Be8 Nd4 43. Bd7 h5 44. Ke4 g4 45. Be8 Nf3 46. Bxh5
Nxh2 47. a4 Nf1 48. Bxg4 Nxg3+ 49. Ke3 Nf5+ 50. Ke4 Nd4 51. Bd7 Nc2 52. b5 cxb5
53. axb5 Nd4 54. Kd5 Nb3 55. Bh3 Ke7 56. Kxe5 Nxc5 57. Kd5 Na4 58. Kc6 Kd8 59.
Bg4 Nc3 60. Bh3 Ne2 61. Bg4 1/2-1/2

[Event "Hampshire Individual ch"]
[Site "Eastleigh"]
[Date "2010.11.13"]
[Round "2"]
[White "Fowler, David W"]
[Black "Yeo, Michael J"]
[Result "0-1"]
[WhiteElo "1968"]
[BlackElo "2160"]
[PlyCount "134"]
[EventDate "2010.11.12"]
[EventType "swiss"]
[EventRounds "6"]
[EventCountry "ENG"]

1. e4 e5 2. Nf3 Nc6 3. Bb5 a6 4. Ba4 d6 5. O-O Bg4 6. h3 Bh5 7. c3 b5 8. Bc2
Nf6 9. d3 Be7 10. Re1 O-O 11. Nbd2 d5 12. Nf1 dxe4 13. dxe4 Qxd1 14. Bxd1 Rad8
15. Ng3 Bg6 16. Bc2 Nd7 17. Be3 Bc5 18. Rad1 Bxe3 19. Rxe3 f6 20. Bb3+ Bf7 21.
Bxf7+ {(=)} Kxf7 22. Red3 Nc5 23. Rxd8 Rxd8 24. Rxd8 Nxd8 25. b3 Nde6 26. Nd2
Nf4 27. Kf1 Ncd3 28. a4 bxa4 29. bxa4 Nc5 30. a5 Nfd3 31. Nf5 Nb7 32. Nb3 Ndc5
33. Nxc5 Nxc5 34. Ne3 c6 35. f3 Na4 36. Nc2 c5 37. Ke2 Ke6 38. c4 Nc3+ 39. Kd3
Na2 40. g3 Nc1+ 41. Kc3 Ne2+ 42. Kd3 Nxg3 43. Ne3 Nh5 44. Nd5 Kd6 45. Ke3 Kd7
46. Nb6+ Kc7 47. Nd5+ Kd6 48. Kf2 Nf4 49. Kg3 Ne2+ 50. Kg4 Nd4 51. Ne3 Nc6 52.
Nf5+ Ke6 53. Nxg7+ Kf7 54. Nf5 Nxa5 55. Ne3 Nb3 56. Nd5 a5 57. Nb6 Nd2 58. Na4
Nxc4 59. Nxc5 Nb2 60. f4 a4 61. fxe5 fxe5 62. Kf5 a3 63. Nb3 Nc4 64. h4 a2 65.
h5 Nd2 66. Na1 Nf3 67. Nc2 Nd4+ 0-1

[Event "Hampshire Individual ch"]
[Site "Eastleigh"]
[Date "2010.11.13"]
[Round "2"]
[White "Kawuma, Moses"]
[Black "Lawson, Maurice E"]
[Result "0-1"]
[WhiteElo "2160"]
[BlackElo "1912"]
[PlyCount "150"]
[EventDate "2010.11.12"]
[EventType "swiss"]
[EventRounds "6"]
[EventCountry "ENG"]

1. d4 f5 2. e4 fxe4 3. Nc3 Nf6 4. Bg5 Nc6 5. d5 Ne5 6. Qd4 Nf7 7. Bxf6 exf6 8.
Nxe4 f5 9. Nc3 g6 10. Bc4 d6 11. Nge2 Bh6 12. O-O O-O 13. Nf4 Bxf4 14. Qxf4 Ne5
15. Be2 Qf6 16. Rad1 Bd7 17. Nb5 Bxb5 18. Bxb5 a6 19. Be2 Nd7 20. Qc4 Nc5 21.
c3 Rae8 22. Rfe1 Re4 23. Rd4 b5 24. Qb4 Nd3 25. Bxd3 Rxe1+ 26. Bf1 Rfe8 27. g3
Rc1 28. Kg2 Ree1 29. Bd3 Rg1+ 30. Kf3 Qg5 31. Be2 Qh5+ 32. Ke3 Rce1 33. Rd2
Qg5+ 34. Kd3 Qe7 35. a4 Qe5 36. axb5 axb5 37. Qd4 Qxd4+ 38. Kxd4 Rh1 39. h4 Rh2
40. Bxb5 Kf7 41. Bd3 Kf6 42. b4 Rhh1 43. Ra2 Ra1 44. Re2 Rhe1 45. Rb2 h6 46.
Rd2 Rad1 47. Rxd1 Rxd1 48. c4 Rd2 49. Ke3 Rb2 50. b5 Ke5 51. f4+ Kf6 52. Kf3 h5
53. Ke3 Ke7 54. Kf3 Kd8 55. Ke3 Rh2 56. Kf3 Kc8 57. c5 Kb7 58. b6 dxc5 59. bxc7
Kxc7 60. Bb5 Rb2 61. d6+ Kxd6 62. Be8 Rb3+ 63. Kf2 c4 64. Bxg6 c3 65. Ke2 c2
66. Kd2 Ke6 67. Bxh5 Rxg3 68. Be8 Rc3 69. Kc1 Kd5 70. Ba4 Ke4 71. Bxc2+ Kxf4
72. Kd2 Rxc2+ 73. Kxc2 Kg4 74. Kd2 Kxh4 75. Ke2 Kg3 0-1

[Event "Hampshire Individual ch"]
[Site "Eastleigh"]
[Date "2010.11.13"]
[Round "2"]
[White "Kawuma, Steven Male"]
[Black "Gill, Oliver"]
[Result "1-0"]
[WhiteElo "2216"]
[BlackElo "2016"]
[PlyCount "81"]
[EventDate "2010.11.12"]
[EventType "swiss"]
[EventRounds "6"]
[EventCountry "ENG"]

1. e4 e5 2. Nf3 Nf6 3. Nxe5 d6 4. Nf3 Nxe4 5. Nc3 Nxc3 6. dxc3 Nc6 7. Be3 Be7
8. Qd2 Be6 9. O-O-O Qd7 10. Kb1 O-O-O 11. Bb5 a6 12. Ba4 Bf6 13. h4 h6 14. Bd4
Bxd4 15. Nxd4 b5 16. Bb3 Nxd4 17. Qxd4 c5 18. Bxe6 Qxe6 19. Qd3 Rhe8 20. a4 Qe4
{(=)} 21. Qh3+ Kc7 22. Qg3 g6 23. a5 h5 24. Rd2 Qe5 25. Qf3 f5 26. Rhd1 Re6 27.
Rd5 Qe4 28. Qg3 Kc6 29. b4 Qxd5 30. Rxd5 Kxd5 31. Qd3+ Kc6 32. bxc5 d5 33. Qd4
Rde8 34. Kb2 R8e7 35. Ka3 Re5 36. c4 bxc4 37. Qb2 R7e6 38. Qb6+ Kd7 39. Qb7+
Ke8 40. c6 Re1 41. c7 1-0

[Event "Hampshire Individual ch"]
[Site "Eastleigh"]
[Date "2010.11.13"]
[Round "2"]
[White "McDougall, Andrew"]
[Black "Kamarunsalehin, Kamis"]
[Result "1-0"]
[WhiteElo "2072"]
[BlackElo "1880"]
[PlyCount "132"]
[EventDate "2010.11.12"]
[EventType "swiss"]
[EventRounds "6"]
[EventCountry "ENG"]

1. e4 c5 2. d4 cxd4 3. c3 d3 4. c4 d6 5. Bxd3 e6 6. Nc3 Nf6 7. Nf3 Nc6 8. O-O
Be7 9. h3 O-O 10. Be3 b6 11. Rc1 Bb7 12. Qe2 Nd7 13. Bb1 a6 14. Rfd1 Qc7 15.
Nd2 Rac8 16. f4 Bf6 17. Nf3 Nc5 18. b3 Rcd8 19. Bf2 Rfe8 20. Bg3 g6 21. Kh2 Rd7
22. Qf2 a5 23. Nb5 Qb8 24. Qd2 Be7 25. Qc3 Red8 26. Rf1 Na7 27. Nxa7 Qxa7 28.
Rce1 Qa8 29. Nd2 d5 30. cxd5 exd5 31. exd5 Bxd5 32. Re2 Bf8 33. f5 Bg7 34. Qe3
Qc6 35. Bh4 Qd6+ 36. Bg3 Qc6 37. Bf4 Rc8 38. Rfe1 Qf6 39. Be5 Qxe5+ 40. Qxe5
Bxe5+ 41. Rxe5 gxf5 42. Bxf5 Be6 43. Nc4 Rb8 44. Nxb6 Rxb6 45. Rxc5 Bxf5 46.
Rxf5 Ra7 47. Re4 Rb4 48. Rxa5 Rxa5 49. Rxb4 Rxa2 50. Re4 Rb2 51. Re3 f6 52. Kg3
Kf7 53. Kf3 f5 54. g3 Kf6 55. Kf4 h5 56. h4 Rb1 57. Rc3 Rf1+ 58. Ke3 Rg1 59.
Kd4 f4 60. Rf3 Ke6 61. gxf4 Rg4 62. b4 Rxh4 63. Kc5 Rh1 64. f5+ Kf6 65. b5 Rc1+
66. Kd6 Rb1 1-0

[Event "Hampshire Individual ch"]
[Site "Eastleigh"]
[Date "2010.11.13"]
[Round "2"]
[White "Payne, Stephen J"]
[Black "Dallas, Peter L"]
[Result "1-0"]
[WhiteElo "1976"]
[BlackElo "1808"]
[PlyCount "35"]
[EventDate "2010.11.12"]
[EventType "swiss"]
[EventRounds "6"]
[EventCountry "ENG"]

1. e4 g6 2. d4 Bg7 3. Nc3 c6 4. Be3 d5 5. e5 f6 6. Nf3 Nd7 7. exf6 Ndxf6 8. Qd2
Bd7 9. Bd3 b5 10. O-O Ng4 11. Bf4 Qb6 12. Rfe1 O-O-O 13. a4 Bxd4 14. Nxd4 Qxd4
15. axb5 Rf8 16. Bg3 cxb5 17. Nxb5 Bxb5 18. Bf5+ 1-0

[Event "Hampshire Individual ch"]
[Site "Eastleigh"]
[Date "2010.11.13"]
[Round "2"]
[White "Williams, Peter A"]
[Black "McDougall, William M"]
[Result "1/2-1/2"]
[WhiteElo "2144"]
[BlackElo "2048"]
[PlyCount "114"]
[EventDate "2010.11.12"]
[EventType "swiss"]
[EventRounds "6"]
[EventCountry "ENG"]

1. d4 Nf6 2. c4 g6 3. Nc3 d5 4. cxd5 Nxd5 5. e4 Nxc3 6. bxc3 Bg7 7. Nf3 c5 8.
Rb1 O-O 9. Be2 b6 10. O-O Qc7 11. Be3 Rd8 12. Qc1 cxd4 13. cxd4 Qxc1 14. Rbxc1
e6 15. Rc7 Ba6 16. Bc4 Bxc4 17. Rxc4 h6 18. Rfc1 Nd7 19. Rc7 Nf6 20. Ne5 Rf8
21. f3 Ne8 22. Rd7 g5 23. Rc6 Bxe5 24. dxe5 Ng7 25. Rcc7 Rad8 26. Rxd8 Rxd8 27.
Rxa7 Rb8 28. a3 Nh5 29. g3 Kg7 30. Kf1 Kg6 31. Ke2 Ng7 32. Kd3 h5 33. Ra4 Ne8
34. Rb4 b5 35. Bd4 Nc7 36. a4 Kg7 37. axb5 Nxb5 38. Rb3 Nxd4 39. Rxb8 Nxf3 40.
Rb2 Nxe5+ 41. Kd4 Nf3+ 42. Ke3 Ne5 43. Rc2 Kg6 44. h3 g4 45. h4 Nf3 46. Rc6 Ne5
47. Rc5 f6 48. Rb5 Nf3 49. Kd3 e5 50. Rd5 Nh2 51. Ke3 Nf3 52. Rd7 Nh2 53. Ke2
Nf3 54. Kd3 Nh2 55. Ke3 Nf3 56. Rd1 Kf7 57. Rd7+ Kg6 1/2-1/2

[Event "Hampshire Individual ch"]
[Site "Eastleigh"]
[Date "2010.11.13"]
[Round "3"]
[White "Gill, Oliver"]
[Black "Payne, Stephen J"]
[Result "1-0"]
[WhiteElo "2016"]
[BlackElo "1976"]
[PlyCount "103"]
[EventDate "2010.11.12"]
[EventType "swiss"]
[EventRounds "6"]
[EventCountry "ENG"]

1. e4 c5 2. b3 d6 3. Bb2 Nf6 4. Nc3 a6 5. Nf3 e6 6. g3 Nc6 7. Bg2 Be7 8. O-O
O-O 9. d3 Qc7 10. Ne2 d5 11. exd5 Nxd5 12. c4 Nf6 13. d4 cxd4 14. Nexd4 Bd7 15.
Qe2 Rfe8 16. Rfd1 Rad8 17. Rd2 Bb4 18. Rd3 Nxd4 19. Bxd4 Bc6 20. Rad1 Be4 21.
Re3 Bc6 22. Bxf6 gxf6 23. Nd4 Bxg2 24. Kxg2 Bc5 25. Red3 Qe5 26. Qg4+ Qg5 27.
Qf3 Bxd4 28. Rxd4 Rxd4 29. Rxd4 Qe5 30. Rg4+ Kf8 31. Qxb7 f5 32. Rh4 Kg7 33.
Qb6 Qf6 34. Rd4 Qe5 35. Qd6 Qe2 36. Rd2 Qe4+ 37. f3 Qe3 38. Qd4+ Qxd4 39. Rxd4
e5 40. Rd6 Ra8 41. Kf2 Ra7 42. Ke3 f6 43. c5 Rc7 44. b4 a5 45. a3 axb4 46. axb4
Ra7 47. c6 Kf7 48. b5 Ke7 49. Rd3 Rc7 50. Rb3 Kd6 51. b6 Rc8 52. c7 1-0

[Event "Hampshire Individual ch"]
[Site "Eastleigh"]
[Date "2010.11.13"]
[Round "3"]
[White "Kamarunsalehin, Kamis"]
[Black "Edney, Richard H"]
[Result "0-1"]
[WhiteElo "1880"]
[BlackElo "1840"]
[PlyCount "74"]
[EventDate "2010.11.12"]
[EventType "swiss"]
[EventRounds "6"]
[EventCountry "ENG"]

1. d4 Nf6 2. c4 d6 3. Nc3 g6 4. Nf3 Bg7 5. e4 O-O 6. Be2 e5 7. O-O Nc6 8. d5
Ne7 9. b4 Nh5 10. Re1 f5 11. Ng5 Nf6 12. f3 Nh5 13. Bf1 a5 14. bxa5 Rxa5 15. a4
h6 16. Ne6 Bxe6 17. dxe6 Nf4 18. Qb3 b6 19. Ba3 Kh8 20. c5 bxc5 21. g3 Nh5 22.
Red1 Qc8 23. Nb5 fxe4 24. fxe4 Nf6 25. Bg2 Nc6 26. Bh3 Re8 27. Qc4 Ra8 28. Rac1
Nd4 29. Nxd4 exd4 30. e5 Nh7 31. Qc2 Ng5 32. Bg2 Rb8 33. exd6 cxd6 34. Bd5 Rxe6
35. Bxe6 Qxe6 36. Bxc5 dxc5 37. Rd3 Qe4 0-1

[Event "Hampshire Individual ch"]
[Site "Eastleigh"]
[Date "2010.11.13"]
[Round "3"]
[White "McDougall, William M"]
[Black "Fowler, David W"]
[Result "1-0"]
[WhiteElo "2048"]
[BlackElo "1968"]
[PlyCount "45"]
[EventDate "2010.11.12"]
[EventType "swiss"]
[EventRounds "6"]
[EventCountry "ENG"]

1. d4 d5 2. c4 e6 3. Nc3 c6 4. e3 Nf6 5. Nf3 Nbd7 6. Qc2 Bd6 7. g4 Nxg4 8. Rg1
f5 9. h3 Ngf6 10. Rxg7 Rg8 11. Rxg8+ Nxg8 12. Bd2 a6 13. O-O-O b5 14. cxd5 cxd5
15. Kb1 Nb6 16. Bd3 Ra7 17. Rg1 Kf8 18. a3 Qf6 19. Bxb5 axb5 20. Nxb5 Rd7 21.
Nxd6 Rxd6 22. Bb4 Qd8 23. Qc5 1-0

[Event "Hampshire Individual ch"]
[Site "Eastleigh"]
[Date "2010.11.13"]
[Round "3"]
[White "McMaster, Richard G"]
[Black "Cordner, David A"]
[Result "1/2-1/2"]
[WhiteElo "2000"]
[BlackElo "2024"]
[PlyCount "42"]
[EventDate "2010.11.12"]
[EventType "swiss"]
[EventRounds "6"]
[EventCountry "ENG"]

1. d4 Nf6 2. c4 e6 3. Nc3 Bb4 4. f3 c5 5. d5 d6 6. e4 Bxc3+ 7. bxc3 e5 8. Bd3
Nbd7 9. Ne2 Nf8 10. g4 h6 11. h4 Ng6 12. h5 Ne7 13. Ng3 Bd7 14. Rb1 Rb8 15. Bd2
Qa5 16. Qe2 a6 17. Kf2 Kd8 18. Rb2 Kc7 19. Nf5 Nxf5 20. exf5 Rhe8 21. Be4 Nxe4+
1/2-1/2

[Event "Hampshire Individual ch"]
[Site "Eastleigh"]
[Date "2010.11.13"]
[Round "3"]
[White "Pye, David E"]
[Black "McDougall, Andrew"]
[Result "1/2-1/2"]
[WhiteElo "2032"]
[BlackElo "2072"]
[PlyCount "54"]
[EventDate "2010.11.12"]
[EventType "swiss"]
[EventRounds "6"]
[EventCountry "ENG"]

1. e4 c5 2. Nc3 a6 3. f4 b5 4. Nf3 Bb7 5. d3 e6 6. g3 d5 7. exd5 exd5 8. Bg2
Nf6 9. O-O Be7 10. a3 O-O 11. d4 Nc6 12. Kh1 Ne4 13. Be3 cxd4 14. Nxd4 Nxc3 15.
bxc3 Na5 16. Nf5 Bf6 17. Bd4 Nc4 18. Re1 g6 19. Nh6+ Kg7 20. Ng4 Bxd4 21. Qxd4+
f6 22. Rad1 Rc8 23. Re6 h5 24. Ne3 Nxe3 25. Rxe3 Rc4 26. Qd2 Rf7 27. Rd3 Qc7
1/2-1/2

[Event "Hampshire Individual ch"]
[Site "Eastleigh"]
[Date "2010.11.13"]
[Round "3"]
[White "Tunks, Dominic R"]
[Black "Butcher, Doug"]
[Result "1-0"]
[WhiteElo "2128"]
[BlackElo "1936"]
[PlyCount "59"]
[EventDate "2010.11.12"]
[EventType "swiss"]
[EventRounds "6"]
[EventCountry "ENG"]

1. e4 d5 2. exd5 Nf6 3. Nf3 Nxd5 4. d4 g6 5. c4 Nb6 6. c5 Nd5 7. Bc4 Bg7 8. Qb3
e6 9. Bg5 f6 10. Bd2 O-O 11. Nc3 Re8 12. O-O-O c6 13. h4 b5 14. Bd3 a5 15. Ne4
Na6 16. Rde1 a4 17. Qd1 Nab4 18. Bb1 a3 19. b3 e5 20. Nd6 Rf8 21. h5 Bg4 22.
hxg6 h6 23. Nf7 Rxf7 24. gxf7+ Kxf7 25. Nxe5+ fxe5 26. Qxg4 exd4 27. Rxh6 d3
28. Qg6+ Kf8 29. Rh8+ Bxh8 30. Bh6+ 1-0

[Event "Hampshire Individual ch"]
[Site "Eastleigh"]
[Date "2010.11.13"]
[Round "3"]
[White "Yeo, Michael J"]
[Black "Kawuma, Steven Male"]
[Result "0-1"]
[WhiteElo "2160"]
[BlackElo "2216"]
[PlyCount "105"]
[EventDate "2010.11.12"]
[EventType "swiss"]
[EventRounds "6"]
[EventCountry "ENG"]

1. e4 c5 2. Nf3 Nc6 3. d4 cxd4 4. Nxd4 Nf6 5. Nc3 e5 6. Ndb5 d6 7. Bg5 a6 8.
Na3 b5 9. Bxf6 gxf6 10. Nd5 Bg7 11. c3 f5 12. Bd3 Be6 13. Nxb5 axb5 14. Bxb5
Bd7 15. exf5 O-O 16. O-O e4 17. a4 Re8 18. Qg4 Kh8 19. Rfd1 Re5 20. Ne3 Qf6 21.
Qe2 Rg8 22. Ng4 Qxf5 23. Nxe5 Bxe5 24. g3 Qg6 25. Qc4 f5 26. Bxc6 Rc8 27. Qa6
Rxc6 28. Qb7 Qe8 29. a5 Rc8 30. a6 Bc6 31. Qb6 f4 32. b4 e3 33. b5 exf2+ 34.
Qxf2 Bxb5 35. a7 Bc6 36. Ra6 Ba8 37. Raxd6 Bxd6 38. Rxd6 Qe4 39. Qd4+ Qxd4+ 40.
Rxd4 f3 41. Rb4 Rf8 42. Kf2 Kg7 43. Rb8 Kf7 44. g4 Ke7 45. g5 Bc6 46. h4 Rd8
47. Ke3 Re8 48. h5 Kf7+ 49. Kf2 Re2+ 50. Kf1 Ra2 51. g6+ hxg6 52. hxg6+ Kg7 53.
Rc8 0-1

[Event "Hampshire Individual ch"]
[Site "Eastleigh"]
[Date "2010.11.13"]
[Round "4"]
[White "Fowler, David W"]
[Black "Payne, Stephen J"]
[Result "1-0"]
[WhiteElo "1968"]
[BlackElo "1976"]
[PlyCount "43"]
[EventDate "2010.11.12"]
[EventType "swiss"]
[EventRounds "6"]
[EventCountry "ENG"]

1. e4 c5 2. Nf3 d6 3. d4 cxd4 4. Qxd4 Nc6 5. Bb5 Bd7 6. Bxc6 Bxc6 7. Nc3 Nf6 8.
Bg5 Qa5 9. O-O-O Rc8 10. Kb1 e6 11. Bxf6 gxf6 12. Qxf6 Rg8 13. Nd4 Bg7 14. Qh4
h6 15. Rhe1 Qc5 16. Nf5 exf5 17. exf5+ Be5 18. f4 Rxg2 19. fxe5 dxe5 20. Qxh6
e4 21. f6 Qf8 22. Qh3 1-0